Регионална библиотека "Любен Каравелов" - Русе

Републикански физкултурен комплекс Готов за труд и отбрана на НР България (Запис номер 444185)

MARC детайли
000 -Лидер
Контролно поле с фиксирана дължина 01127nam a2200277 a 4500
003 - Код на организацията, давaща контролен номер
Контролно поле BLK
005 - Дата и час на последна редакция
Контролно поле 20240621101056.0
008 - Елементи от данни с фиксирана дължина
fixed length control field 210611b bu |||||r|||| 00| 0 bu d
040 ## - Източник на каталожния запис
Идентификатор на билиотеката - собственик на записа BLK
041 ## - Код за език
Код за езика на текст/звукозапис или на отделно заглавие Български
Код за езика КДБФ Български
080 ## - УДК
Текстов определител УДК Спорт. Физическа култура
УДК код - определител по УДК 796/799
УДК - код + определител 796/799
139 ## - Редно поле
Редна дума Републикански физкултурен комплекс Готов за труд и отбрана
245 ## - Сведения за заглавието
Заглавие Републикански физкултурен комплекс Готов за труд и отбрана на НР България
Подзаглавни данни Въведен от 1 февр. 1948 г.
250 ## - Област на изданието
Сведения за изданието 5. изд.
260 ## - Област на издателските данни
9 (RLIN) 216430
Място на издаване, разпространение и проч. София
Име на издателя, разпространителя и проч. Физкултура
Година на издаване 1956
300 ## - Физическа характеристика
Страници 76 с.
Илюстрации и др. с ил.
Размери/Мащаб 17 см
380 ## - Жанр
Жанр 793/799 Спорт
650 #7 - Допълнително описание по предмет – тема
Основно описание – тема или топоним Управление - физическа култура и спорт - България
Източник на редна или ключова дума
9 (RLIN) 174771
653 #7 - Ключова дума – ненормативна
9 (RLIN) 199291
Ключова дума физическа култура
852 ## - Местоположение
Форматна сигнатура Цб I 1197
Фондова буква Хранилище
999 ## - СИСТЕМНИ КОНТРОЛНИ НОМЕРА
Koha biblionumber 444185
Koha biblioitemnumber 444185
942 ## - АРТИКУЛИ
Вид на библиотечния материал Книги
Скрит в OPAC Не
Периодичен библиозапис Да
944 ## - СЪЗДАВАНЕ И РЕДАКЦИЯ на ЗАПИСА
Създаване/Редакция Създаване
Дата на регистрацията/редакция 2022-02-08
Служител, извършил регистрацията/редакцията 30560
Статус, дата на статуса Геновева Генчева
999 ## - СИСТЕМНИ КОНТРОЛНИ НОМЕРА
Koha biblioitemnumber 419322
999 ## - СИСТЕМНИ КОНТРОЛНИ НОМЕРА
Koha biblioitemnumber 419322
999 ## - СИСТЕМНИ КОНТРОЛНИ НОМЕРА
Koha biblioitemnumber 418109
Наличности
Код за отписване Код за изгубен артикул Източник на класификационната схема Код за повреда Коз за рестрикции Код за отдаване Артикулен № Име на библиотеката - собственик Име на библиотеката, в която се намира в момента Статус (Текущо местоположение) Дата на вписване в системата Местоположение - отдел Цена в лева Инвентарен номер Систематично азбучна сигнатура Баркод Цена в евро Служебен тип на артикула
  Не е изгубен Universal Decimal Classification Не е повреден без рестрикции ползва се в читалня 870133 Регионална библиотека "Любен Каравелов" Русе Регионална библиотека "Любен Каравелов" Русе Основен фонд - ползва се само за читалня 2022-02-09 Хранилище 0.24 5256/57 Цб I 1197 900000025089 0.12 Книги
Vip Innovations Ltd, Rousse, Bulgaria 2025